TB. OF GYNECOLOGY (Record no. 30660)

MARC details
000 -LEADER
fixed length control field 00328nam a22001577a 4500
003 - CONTROL NUMBER IDENTIFIER
control field SGT
020 ## - INTERNATIONAL STANDARD BOOK NUMBER
International Standard Book Number 9789394102545
082 ## - DEWEY DECIMAL CLASSIFICATION NUMBER
Classification number 618.1
Item number G25S
100 ## - MAIN ENTRY--PERSONAL NAME
Personal name SHARMA, J.B.
245 ## - TITLE STATEMENT
Title TB. OF GYNECOLOGY
250 ## - EDITION STATEMENT
Edition statement 2ND
260 ## - PUBLICATION, DISTRIBUTION, ETC. (IMPRINT)
Place of publication, distribution, etc INDIA
Name of publisher, distributor, etc ARYA PUB
Year of Publication 2025
300 ## - PAGE DESCRIPTION
No. of Pages 864
650 ## - SUBJECT ADDED ENTRY--TOPICAL TERM
Topical term or geographic name as entry element OBST. & GYNE
942 ## - ADDED ENTRY ELEMENTS (KOHA)
Source of classification or shelving scheme Dewey Decimal Classification
Koha item type Books
Holdings
Withdrawn status Lost status Source of classification or shelving scheme Damaged status Not for loan Collection code Home library Current library Shelving location Date acquired Vendor Name Cost, normal purchase price SGTU Bill Number Full call number Accession No. (Barcode) Date last seen Bill Date Koha item type Total Checkouts Date last borrowed
    Dewey Decimal Classification   Not For Loan MEDICAL SGT Medical Library SGT Medical Library Reference Book 11/02/2025 ABC DELHI 2750.00 SGTU 20461 618.1 G25S FM14841 04/04/2025 11/02/2025 Books    
    Dewey Decimal Classification     MEDICAL SGT Medical Library SGT Medical Library Text Book 11/02/2025 ABC DELHI 2750.00 SGTU 20461 618.1 G25S FM14842 04/04/2025 11/02/2025 Books    
    Dewey Decimal Classification     MEDICAL SGT Medical Library SGT Medical Library Text Book 11/02/2025 ABC DELHI 2750.00 SGTU 20461 618.1 G25S FM14843 05/09/2025 11/02/2025 Books 1 19/08/2025